[Event "U16 Olympiad"]
[Site "Mersin TUR"]
[Date "2008.08.20"]
[Round "5"]
[White "Jefic,S"]
[Black "Nuri,Kam"]
[Result "1/2-1/2"]
[WhiteElo "2095"]
[BlackElo "2168"]

1.e4 c5 2.Nc3 Nc6 3.Bb5 e6 4.Bxc6 bxc6 5.d3 d5 6.f4 Nf6 7.e5 Nd7 8.Nf3 Ba6
9.O-O Be7 10.b3 O-O 11.Ba3 Qa5 12.Nb1 Rae8 13.c4 f6 14.Bb2 fxe5 15.Nxe5 Qc7
16.Nxd7 Qxd7 17.Be5 Bd6 18.Nc3 Bxe5 19.fxe5 Rxf1+ 20.Kxf1 Rf8+ 21.Kg1 Rf5
22.Na4 Qe7 23.Qe2 Bc8 24.Rf1 Rg5 25.h4 Rf5 26.g3 Bd7 27.Kg2 Be8 28.Rxf5 exf5
29.Qe3 d4 30.Qe2 Kf7 31.Qh5+ Ke6 32.Qxh7 Kxe5 33.g4 Bd7 34.Qh5 Kd6 35.gxf5 Qf6
36.Qg6 Qxg6+ 37.fxg6 Bf5 38.Nb2 Bxg6 39.Kf3 Ke5 40.Kg4 Kf6 41.Kf4 Bh7 42.Kg4 Bg6
43.Kf4 Bf5 44.Kg3 Ke5 45.Kf3 Bh7 46.Kg4 Kf6  1/2-1/2

[Event "U16 Olympiad"]
[Site "Mersin TUR"]
[Date "2008.08.20"]
[Round "5"]
[White "Adhiban,B"]
[Black "Emiroglu,C"]
[Result "0-1"]
[WhiteElo "2422"]
[BlackElo "2028"]

1.e4 c5 2.Nc3 Nc6 3.Bb5 Nd4 4.Ba4 a6 5.d3 e6 6.Nf3 Qc7 7.Nxd4 cxd4 8.Ne2 e5
9.O-O b5 10.Bb3 d6 11.c3 dxc3 12.Nxc3 Nf6 13.f4 Be6 14.f5 Bxb3 15.Qxb3 Qc5+
16.Kh1 b4 17.Qa4+ Kd8 18.Nd1 Qb5 19.Qb3 Nxe4 20.a4 Nc5 21.Qxf7 Qd7 22.Bg5+ Kc7
23.Qc4 a5 24.Ne3 Kb7 25.Rac1 Qxa4 26.d4 exd4 27.Qxd4 h6 28.Bh4 Qc6 29.Nd5 Re8
30.Rfe1 Nb3 31.Qa7+ Kxa7 32.Rxc6 Re5 33.Rxe5 dxe5 34.Rc8 Kb7 35.Rd8 Nd4 36.Be7 Kc6
37.Bxf8 Nxf5 38.g4 Nd4 39.Ne7+ Kc7 40.Ra8 Kb7 41.Re8 h5 42.Ng6 Rh6 43.Nxe5 hxg4
44.Bxg7 Rh7 45.Re7+ Ka6 46.Nxg4 a4 47.Re4 Rxg7 48.Rxd4 a3 49.bxa3 bxa3 50.Ne3 Kb5
51.Nc2 Ra7 52.h4 a2 53.Na1 Rc7 54.Kh2 Rc1 55.Nb3 Rc2+ 56.Kg1 Rb2 57.Rd1 Rxb3  0-1

[Event "U16 Olympiad"]
[Site "Mersin TUR"]
[Date "2008.08.20"]
[Round "6"]
[White "Durarbeyli,V"]
[Black "Firat,B"]
[Result "1-0"]
[WhiteElo "2413"]
[BlackElo "2219"]

1.e4 c5 2.Nf3 Nc6 3.Nc3 Nf6 4.Bb5 g6 5.h3 Bg7 6.e5 Ng8 7.Bxc6 dxc6 8.d3 Nh6
9.g4 O-O 10.Be3 f6 11.exf6 exf6 12.Bxc5 Re8+ 13.Kf1 f5 14.g5 Nf7 15.Be3 b6
16.h4 c5 17.Bf4 Bb7 18.Rh3 Qd7 19.h5 Qc6 20.hxg6 hxg6 21.Qd2 Nd8 22.Re1 Ne6
23.Be5 Bxe5 24.Rxe5 Nd4 25.Rd5 Nxf3 26.Rxf3 Qc7 27.Rh3 Re6 28.d4 Rae8 29.dxc5 bxc5
30.Rdd3 Ba6 31.Nd5 Bxd3+ 32.Qxd3 Re1+ 33.Kg2 Qc6 34.Qf3 R1e6 35.c4 Qd6 36.Qc3 Rf8
37.Rh8+ Kf7 38.Rh7+ Ke8 39.Qg7 Re4 40.Qxa7  1-0

[Event "44th Rubinstein Mem Open A"]
[Site "Polanica Zdroj POL"]
[Date "2008.08.20"]
[Round "2"]
[White "Stoma,P"]
[Black "Brynski,D"]
[Result "1-0"]
[WhiteElo "2294"]
[BlackElo "2064"]

1.e4 c5 2.Nf3 Nc6 3.Nc3 e5 4.Bc4 Be7 5.d3 Nf6 6.Nd2 d6 7.Nf1 Bg4 8.f3 Be6
9.Ne3 O-O 10.O-O a6 11.f4 exf4 12.Rxf4 Nd7 13.Nf5 Nde5 14.Bd5 Ng6 15.Rf2 Bf6
16.Qh5 Rc8 17.Be3 Nb4 18.Raf1 Bxc3 19.bxc3 Nxd5 20.exd5 Bxf5 21.Rxf5 Qh4
22.Qd1 Qe7 23.R5f3 Rce8 24.Rh3 f6 25.Qh5 Qe5 26.Qxh7+ Kf7 27.Bh6 Rg8 28.Rg3 Qh5
29.Rxf6+ Kxf6 30.Bxg7+ Rxg7 31.Qxh5 Re5 32.Qh6 Re8 33.Rf3+  1-0

[Event "ch-SLO w"]
[Site "Ljubljana SLO"]
[Date "2008.08.21"]
[Round "6"]
[White "Biti,A"]
[Black "Bajt,I"]
[Result "0-1"]
[WhiteElo "2102"]
[BlackElo "2199"]

1.e4 c5 2.Nc3 Nc6 3.Bb5 Nd4 4.Bc4 e6 5.Nf3 Nf6 6.O-O a6 7.d3 b5 8.Bb3 Nxb3
9.axb3 Bb7 10.e5 Nd5 11.Ne4 Be7 12.Bg5 f6 13.Bh4 O-O 14.Qd2 fxe5 15.Bxe7 Qxe7
16.Nxe5 Nf4 17.Qe3 d6 18.Nf3 e5 19.g3 Nd5 20.Qe2 Bc8 21.Nfd2 Bh3 22.Rfe1 Nb4
23.Nf1 Nc6 24.c3 d5 25.Ned2 Rf6 26.Ne3 Qf7 27.Ng2 Rf8 28.Rf1 a5 29.Rae1 Qd7
30.f4 Bxg2 31.Kxg2 exf4 32.Rxf4 Rxf4 33.gxf4 Rxf4 34.Qe6+ Qxe6 35.Rxe6 Rf6
36.Re8+ Kf7 37.Ra8 Rg6+ 38.Kf2 Ne5 39.d4 cxd4 40.cxd4 Nd3+ 41.Kf3 a4 42.bxa4 bxa4
43.Rxa4 Nxb2 44.Ra5 Rf6+ 45.Ke2 Nc4 46.Ra7+ Kf8 47.Ra8+ Ke7 48.Ra7+ Kf8 49.Ra8+ Kf7
50.Ra7+ Ke6 51.Nf3 Rg6 52.Ra6+ Nd6 53.Nh4 Rg4 54.Nf3 Rg6 55.Nh4 Rh6 56.Nf3 Kf5
57.Ra7 g5 58.Ra5 g4 59.Rxd5+ Kf4 60.Ne1 Rxh2+ 61.Kf1 Ne4 62.Ng2+ Kg3 63.Ne3 Rh1+
64.Ke2 Nc3+ 65.Kd3 Nxd5 66.Nxd5 Rd1+ 67.Ke4 Kf2 68.Ne3 Re1  0-1

[Event "X Sants Open"]
[Site "Barcelona ESP"]
[Date "2008.08.22"]
[Round "1"]
[White "Salgado Lopez,I"]
[Black "Saenz Narciso,M"]
[Result "1-0"]
[WhiteElo "2532"]
[BlackElo "2113"]

1.e4 c5 2.Nf3 Nc6 3.Nc3 g6 4.d4 cxd4 5.Nxd4 Bg7 6.Be3 Nf6 7.Bc4 O-O 8.Bb3 d6
9.h3 Na5 10.O-O Nxb3 11.Nxb3 b6 12.Re1 Bb7 13.Bg5 Rc8 14.Nd5 Re8 15.c3 Qd7
16.Qd3 Nxd5 17.exd5 e6 18.dxe6 Rxe6 19.Nd4 Rxe1+ 20.Rxe1 Re8 21.Rd1 Qa4 22.a3 h6
23.Be3 Kh7 24.Rc1 Qd7 25.Qb5 Qc8 26.Rd1 Qa8 27.Qf1 a6 28.Ne2 Qd8 29.Rd2 Qc7
30.Bd4 Be5 31.Qd1 Qc6 32.f3 Qb5 33.Kh1 Re7 34.Qg1 Bxd4 35.Nxd4 Qh5 36.Qf2 Qg5
37.Rd1 b5 38.Qd2 Qh4 39.Kg1 Qg3 40.Ne2 Qe5 41.Kf2 h5 42.h4 Re6 43.Nd4 Re7
44.Re1 Qxe1+ 45.Qxe1 Rxe1 46.Kxe1 Kg7 47.Kf2 Kf6 48.Ke3 Bd5 49.Kf4 Bb7 50.Nc2 Bc8
51.Ne3 Bb7 52.Nc2 Bc8 53.Nd4 Bb7 54.g4 Bd5 55.gxh5 gxh5 56.Ne2 Bb7 57.Ng3 Kg6
58.Nf1 Bd5 59.Ne3 Be6 60.Ke4 Kf6 61.Ng2 Bb3 62.Nf4 Bc2+ 63.Kd4 Bd1 64.Ke3 Ke5
65.Nxh5 Kd5 66.Nf6+ Kc4 67.h5 Bc2 68.Ne4 Kd5  1-0

[Event "28th Open"]
[Site "Bratto ITA"]
[Date "2008.08.22"]
[Round "1"]
[White "Tiviakov,S"]
[Black "Zoldan,M"]
[Result "1-0"]
[WhiteElo "2645"]
[BlackElo "2203"]

1.e4 c5 2.Nc3 Nc6 3.Bb5 Nd4 4.Bc4 Nf6 5.Nge2 e6 6.O-O d5 7.exd5 exd5 8.Nxd5 Nxd5
9.Nxd4 cxd4 10.Qh5 Be6 11.Re1 g6 12.Qxd5 Qxd5 13.Bxd5 O-O-O 14.Bxe6+ fxe6
15.d3 Bc5 16.Rxe6 Rhe8 17.Rxe8 Rxe8 18.Bd2 Re2 19.Rd1 Kd7 20.Kf1 Re6 21.Re1 Ra6
22.a3 Rb6 23.b4 Be7 24.Re4 Bf6 25.Ke2 Ra6 26.Bc1 b5 27.Bb2 Rd6 28.f4  1-0

[Event "5th DA Tan Malaysian Open"]
[Site "Kuala Lumpur MAS"]
[Date "2008.08.22"]
[Round "8"]
[White "Zhang Xiaowen"]
[Black "Erowan,M"]
[Result "1-0"]
[WhiteElo "2382"]
[BlackElo "2020"]

1.e4 c5 2.Nf3 Nc6 3.Nc3 g6 4.d4 cxd4 5.Nxd4 Bg7 6.Be3 Nf6 7.Bc4 O-O 8.Bb3 a5
9.f3 d6 10.Qd2 Bd7 11.a4 Nb4 12.O-O Re8 13.Rfd1 Rc8 14.Qf2 Bc6 15.e5 Nfd5
16.e6 f6 17.Nxc6 bxc6 18.Bxd5 Nxd5 19.Rxd5 cxd5 20.Bb6 Rc7 21.Nxd5 Qb8 22.Nxc7 Rc8
23.Nb5 Qa8 24.Rd1 Rc4 25.b3 Rc6 26.Na7 Rc3 27.Bxa5 Rxc2 28.Qxc2 Qxa7+ 29.Kh1 Qxa5
30.Qc8+ Bf8 31.Qe8  1-0

[Event "44th Rubinstein Mem Open A"]
[Site "Polanica Zdroj POL"]
[Date "2008.08.22"]
[Round "4"]
[White "Kulon,K"]
[Black "Mickiewicz,P"]
[Result "1-0"]
[WhiteElo "2217"]
[BlackElo "2347"]

1.e4 c5 2.Nf3 Nc6 3.Nc3 Nf6 4.d4 cxd4 5.Nxd4 d6 6.Bg5 e6 7.Qd2 a6 8.O-O-O Bd7
9.f4 Be7 10.Kb1 b5 11.Nxc6 Bxc6 12.Bxf6 gxf6 13.Bd3 Qb6 14.f5 b4 15.Ne2 e5
16.Qh6 a5 17.Ng3 Qc5 18.Nh5 a4 19.Nxf6+ Bxf6 20.Qxf6 Rg8 21.g3 a3 22.b3 Qc3
23.Kc1 Rd8 24.Bc4 Qa1+ 25.Kd2 Qd4+ 26.Kc1 Qb2+ 27.Kd2 Rd7 28.Rhe1 Qd4+ 29.Kc1 Qa1+
30.Kd2 Qc3+ 31.Kc1 Qa1+ 32.Kd2 Qc3+ 33.Kc1 Qb2+ 34.Kd2 Qc3+ 35.Kc1 Qb2+ 36.Kd2 h5
37.Ke3 Qxc2 38.Rxd6 Qxe4+ 39.Kd2 Rxd6+ 40.Qxd6 Qg2+ 41.Re2  1-0

[Event "44th Rubinstein Mem Open A"]
[Site "Polanica Zdroj POL"]
[Date "2008.08.22"]
[Round "4"]
[White "Olszewski,Mi"]
[Black "Piorun,K"]
[Result "1-0"]
[WhiteElo "2458"]
[BlackElo "2445"]

1.e4 c5 2.Nf3 Nc6 3.Nc3 g6 4.d4 cxd4 5.Nxd4 Bg7 6.Be3 Nf6 7.Bc4 O-O 8.Bb3 a5
9.O-O a4 10.Nxa4 Nxe4 11.Nb5 d5 12.Bb6 Qd7 13.Qe2 Nd6 14.Rad1 Nxb5 15.Qxb5 Nd4
16.Qb4 Nxb3 17.axb3 Qf5 18.Bc5 Be6 19.Bxe7 Rfe8 20.Bc5 Qxc2 21.Bd4 Bxd4 22.Rxd4 Rac8
23.Rd2 Qc1 24.f3 Qc6 25.Rfd1 Rcd8 26.Nc3 d4 27.Rxd4 Rxd4 28.Rxd4 Bf5 29.Rd6 Qc7
30.h4 Re1+ 31.Kf2 Re6 32.Nb5 Qe7 33.Qd4 Rxd6 34.Nxd6 Bc2 35.b4 Bb3 36.h5 Qg5
37.Ne4 Qh4+ 38.Ke2 Qh2 39.Kf2 Qh4+ 40.Ke2 Kf8 41.Qh8+ Ke7 42.hxg6 Bc4+ 43.Ke3 fxg6
44.Qe5+ Be6 45.g3 Qh3 46.Qf6+ Kd7 47.Nc5+ Kd6 48.Nxb7+ Kc7 49.Nc5 Bd5 50.b5  1-0

[Event "44th Rubinstein Mem Open A"]
[Site "Polanica Zdroj POL"]
[Date "2008.08.22"]
[Round "4"]
[White "Kanarek,M"]
[Black "Toma,K"]
[Result "1/2-1/2"]
[WhiteElo "2349"]
[BlackElo "2212"]

1.e4 c5 2.Nf3 Nc6 3.Nc3 g6 4.d4 cxd4 5.Nxd4 Bg7 6.Be3 Nf6 7.Bc4 Qa5 8.O-O O-O
9.Nb3 Qc7 10.f4 d6 11.Be2 Be6 12.Bf3 Bc4 13.Re1 e5 14.Be2 exf4 15.Bxf4 Ne5
16.Kh1 a6 17.Rf1 Bxe2 18.Qxe2 b5 19.Rad1 b4 20.Bxe5 dxe5 21.Nd5 Nxd5 22.Rxd5 Rfd8
23.Rc5 Qe7 24.Qc4 Bf8 25.c3 bxc3 26.bxc3 Rd7 27.Rc6 a5 28.a4 Raa7 29.Nc5  1/2-1/2

[Event "44th Rubinstein Mem Open A"]
[Site "Polanica Zdroj POL"]
[Date "2008.08.22"]
[Round "4"]
[White "Bartel,Mi"]
[Black "Swiech,Pr"]
[Result "1-0"]
[WhiteElo "2266"]
[BlackElo "2027"]

1.e4 c5 2.Nf3 Nc6 3.Nc3 e5 4.Bc4 Be7 5.d3 Nf6 6.Ng5 O-O 7.f4 d5 8.exd5 Nd4
9.Nge4 exf4 10.Bxf4 b5 11.d6 Nxe4 12.dxe7 Qxe7 13.Nxe4 bxc4 14.Bd6 Qh4+ 15.Bg3 Qh6
16.O-O Qc6 17.Nd6 Be6 18.Nxc4 Rad8 19.b3 Rfe8 20.Rf2 f6 21.Qd2 Nf5 22.Bf4 Rd7
23.Re1 Rde7 24.Rfe2 g5 25.Bg3 h5 26.Bf2 h4 27.h3 Rg7 28.Re4 Ng3 29.Bxg3 hxg3
30.Qe3 Rge7 31.Qxg3 f5 32.R4e2 f4 33.Qxg5+ Rg7 34.Qxf4 Rf8 35.Qd6 Qxd6 36.Nxd6 Bxh3
37.Kh2  1-0

[Event "5th DA Tan Malaysian Open"]
[Site "Kuala Lumpur MAS"]
[Date "2008.08.23"]
[Round "9"]
[White "Phadke,So1"]
[Black "Goldenberg,I"]
[Result "0-1"]
[WhiteElo "2284"]
[BlackElo "2386"]

1.e4 c5 2.Nf3 Nc6 3.Nc3 d6 4.d4 cxd4 5.Nxd4 Nf6 6.Bc4 e6 7.Be3 Be7 8.Qe2 O-O
9.O-O-O Qc7 10.Bb3 a6 11.g4 Nd7 12.Rhg1 Nc5 13.Kb1 Bd7 14.g5 Rfc8 15.f4 b5
16.f5 Nxd4 17.Bxd4 Nxb3 18.axb3 b4 19.g6 fxg6 20.fxg6 h6 21.Qf2 Be8 22.Rdf1 bxc3
23.Qf7+ Bxf7 24.gxf7+ Kh8  0-1

[Event "5th DA Tan Malaysian Open"]
[Site "Kuala Lumpur MAS"]
[Date "2008.08.23"]
[Round "10"]
[White "Li Chao2"]
[Black "Lim Yee Weng"]
[Result "1-0"]
[WhiteElo "2590"]
[BlackElo "2367"]

1.e4 c5 2.Nc3 Nc6 3.Nf3 g6 4.Bb5 Nd4 5.Bc4 Bg7 6.Nxd4 cxd4 7.Qf3 Nh6 8.Ne2 e6
9.d3 Ng8 10.h4 Ne7 11.Bg5 Qa5+ 12.Bd2 Qc5 13.h5 d5 14.exd5 Nxd5 15.hxg6 hxg6
16.Rxh8+ Bxh8 17.O-O-O b5 18.Rh1 Bg7 19.Bxd5 Qxd5 20.Qxd5 exd5 21.Bg5 Be6
22.Rh7 Kf8 23.Bh6 Bxh6+ 24.Rxh6 Kg7 25.Rh1 Bd7 26.Nxd4 Kf6 27.Kd2 Re8 28.f4 a6
29.Rh7 Bg4 30.Rh4 Bd7 31.g4 Ke7 32.g5 Kd6 33.Nf3 Be6 34.Rh7 Rf8 35.Ke3 Re8
36.Kd4 Rc8 37.c3 b4 38.Ne5 bxc3 39.bxc3 Rc7 40.Rh8 Rb7 41.Ra8 Rb2 42.Rxa6+ Ke7
43.Ra7+ Kf8 44.Nc6 Bf5  1-0

[Event "5th DA Tan Malaysian Open"]
[Site "Kuala Lumpur MAS"]
[Date "2008.08.23"]
[Round "10"]
[White "Castellano,Christo"]
[Black "Yu Lie"]
[Result "0-1"]
[WhiteElo "2249"]
[BlackElo "2377"]

1.e4 c5 2.Nf3 Nc6 3.Nc3 Nf6 4.Bc4 e6 5.d4 cxd4 6.Nxd4 Bc5 7.Nb3 Bb4 8.O-O O-O
9.Bg5 h6 10.Bh4 g5 11.Bg3 Bxc3 12.bxc3 Nxe4 13.Qh5 Kg7 14.Bd3 Nxg3 15.hxg3 Ne5
16.Rad1 Nxd3 17.Rxd3 b6 18.f4 Ba6 19.Nd4 Bxd3 20.cxd3 f6 21.Re1 Qe8 22.Nf5+ exf5
23.Rxe8 Raxe8 24.g4 fxg4 25.f5 Rf7 26.Qg6+ Kf8 27.Qxh6+ Ke7 28.Qh5 g3 29.Qf3 Rc8
30.d4 Rc6 31.Qe3+ Kf8 32.Qxg3 d5 33.Qf3 Kg7 34.Qxd5 Rxc3 35.Qe6 Rcc7 36.d5 Rfe7
37.Qd6 Rcd7 38.Qc6 Rd8 39.Kf2 Red7 40.Qe6 Rd6 41.Qe7+ Kg8 42.Kf3 R8d7 43.Qe8+ Kg7
44.g3 b5 45.Kg4 b4 46.Kh5 Rf7 47.Qb5 Rfd7 48.Qxb4 Rxd5 49.Qe4 Re5 50.Qc6 Rde7
51.Qc8 Re4 52.Qd8 Rf7 53.Qd3 Rfe7 54.Qd8 a6 55.a3 Re3 56.a4 Rf7 57.Qd6 a5
58.Qb6 Rxg3 59.Qxa5 Re3 60.Qd5 Rh3+ 61.Kg4 Rh4+ 62.Kg3 Rxa4 63.Qe6 Ra5 64.Qc8 Rb5
65.Kg4 Ra7 66.Qc2 Rb4+ 67.Kg3 Ra3+ 68.Kg2 Rb7 69.Kf2 Rab3 70.Qe4 Rb2+ 71.Ke1 Ra7  0-1

[Event "ch-SCCF State"]
[Site "Los Angeles USA"]
[Date "2008.08.23"]
[Round "5"]
[White "Matikozian,A"]
[Black "Kretchetov,A"]
[Result "0-1"]
[WhiteElo "2470"]
[BlackElo "2355"]

1.e4 c5 2.Nc3 Nc6 3.Nf3 g6 4.d4 cxd4 5.Nxd4 Bg7 6.Nxc6 bxc6 7.Bc4 e6 8.O-O d6
9.Bf4 e5 10.Be3 Nf6 11.Qd3 Ng4 12.Rad1 Qh4 13.h3 Nxe3 14.fxe3 O-O 15.Rf3 Be6
16.Bxe6 fxe6 17.Rxf8+ Bxf8 18.Qc4 Qe7 19.Qxc6 Rd8 20.Qc4 h5 21.Kh1 Bh6 22.Qd3 Qg5
23.Nb5 Qxe3 24.Qc4 d5 25.Qc7 Rf8 26.Qe7 Qg3 27.Qxe6+ Kg7 28.h4 Rf4 29.Qxe5+ Kh7
30.Qc7+ Bg7 31.Qxa7 d4  0-1

[Event "U16 Olympiad"]
[Site "Mersin TUR"]
[Date "2008.08.23"]
[Round "8"]
[White "Tarim,O"]
[Black "Nagda,A"]
[Result "0-1"]
[WhiteElo "1792"]
[BlackElo "1719"]

1.e4 c5 2.Nf3 Nc6 3.Nc3 Nf6 4.Bb5 Nd4 5.d3 a6 6.Bc4 d6 7.Nxd4 cxd4 8.Ne2 b5
9.Bb3 e5 10.a4 Bb7 11.O-O Be7 12.Ng3 d5 13.Qe1 dxe4 14.dxe4 O-O 15.h3 d3
16.f4 dxc2 17.Bxc2 exf4 18.Nf5 Bc5+ 19.Kh1 Bc8 20.Rxf4 Bxf5 21.Rxf5 Qd4 22.Bf4 Rfe8
23.Rd1 Qc4 24.Rxf6 Qxc2 25.e5 gxf6 26.Rc1 Qf2 27.Qe4 fxe5 28.Bxe5 Rxe5 29.Qxe5 Bf8
30.Rd1 Bg7 31.Qg5 Qf6 32.Qd5 Re8 33.axb5 axb5 34.Qxb5 Qe5 35.Qxe5 Rxe5 36.Rd8+ Bf8
37.Kg1 Rb5 38.Rd2 h6 39.Kf2 Bg7 40.Rd8+ Kh7 41.Rd7 Kg6 42.Rd6+ Kg5 43.Rd7 Rf5+
44.Ke2 Bxb2 45.Rd3 Re5+ 46.Kf2 Re6 47.Rg3+ Kh4 48.Rg4+ Kh5 49.Rb4 Rf6+ 50.Ke3 Bc1+
51.Ke2 Bg5 52.g3 Re6+ 53.Kf3 Re3+ 54.Kf2 Rd3 55.Rb5 Kg6 56.h4 Bd8 57.Kg2 Bc7
58.h5+ Kg7 59.Rb7 Rxg3+ 60.Kf2 Rc3  0-1

[Event "U16 Olympiad"]
[Site "Mersin TUR"]
[Date "2008.08.23"]
[Round "9"]
[White "Kanmazalp,O"]
[Black "Bodnaruk,A"]
[Result "0-1"]
[WhiteElo "2281"]
[BlackElo "2394"]

1.e4 c5 2.Nf3 Nc6 3.Nc3 d6 4.d4 cxd4 5.Nxd4 e5 6.Nf3 h6 7.Bc4 Nf6 8.h3 Be7
9.O-O O-O 10.Qe2 a6 11.Nd5 Nxd5 12.Bxd5 Qc7 13.c3 Kh7 14.Be3 f5 15.exf5 Bxf5
16.Rad1 Rae8 17.Nd2 Nb8 18.Qc4 Qd7 19.Ne4 Rc8 20.Qb3 b5 21.Ng3 Rce8 22.Nxf5 Qxf5
23.a4 bxa4 24.Qxa4 Qc8 25.c4 g6 26.b4 Qc7 27.b5 axb5 28.cxb5 Qd7 29.Rc1 Bd8
30.Qa7 Qxa7 31.Bxa7 Nd7 32.Bc6 Re7 33.Rfd1 Rf6 34.Ra1 Kg7 35.Ra6 g5 36.b6 Nc5
37.Ra5 Ref7 38.Rxc5 Bxb6 39.Bxb6 dxc5 40.Be8 Re7 41.Bd8 Rxe8 42.Bxf6+ Kxf6
43.Kf1 Ke6 44.Ke2 c4 45.Ra1 Rd8 46.Ra4 Kd5 47.Kd2 Rb8 48.Kc2 Rb6 49.Ra8 Rf6
50.Rd8+ Kc5 51.Rc8+ Kd4 52.Rd8+ Kc5 53.Rc8+ Kd5 54.Rd8+ Rd6 55.Ra8 Kd4 56.Ra1 e4
57.Rd1+ Ke5 58.Re1 Rd3 59.Ra1 c3 60.Ra5+ Kf4 61.Ra6 Rd2+ 62.Kxc3 Rxf2 63.Rxh6 Rxg2
64.Rf6+ Ke5  0-1

[Event "XIII Konik Morski Open A"]
[Site "Rewal POL"]
[Date "2008.08.23"]
[Round "4"]
[White "Smirnov,Alek"]
[Black "Brodowski,P"]
[Result "0-1"]
[WhiteElo "2262"]
[BlackElo "2424"]

1.e4 c5 2.Nf3 Nc6 3.Nc3 g6 4.d4 cxd4 5.Nxd4 Bg7 6.Be3 Nf6 7.Bc4 O-O 8.Bb3 d6
9.f3 Qa5 10.O-O Bd7 11.Nde2 Rac8 12.Nf4 b5 13.Qe1 b4 14.Ncd5 Nxd5 15.exd5 Nd4
16.Nd3 Rxc2 17.Bxd4 Bxd4+ 18.Kh1 Rc7 19.Nxb4 Bb5 20.Nc6 Qxe1 21.Rfxe1 Bxb2
22.Rad1 Bf6 23.Nd4 Bd7 24.Re4 Rfc8 25.Kg1 a5 26.Rd2 Rc5 27.Ne2 Ra8 28.Kf2 a4
29.Bd1 Raa5 30.Rb4 Kg7 31.Ke3 h5 32.Rb7 Bb5 33.Nd4 Ba6 34.Rb4 Rxd5 35.Rxa4 e5
36.Ne2 Bg5+ 37.f4 exf4+ 38.Kf2 Rxd2 39.Rxa5 Bh4+ 40.g3 fxg3+ 41.hxg3 Bxg3+
42.Kxg3 Bxe2 43.Bb3 Bd1 44.Bc4 h4+ 45.Kh3 Rd4 46.Rd5 Bg4+  0-1

[Event "44th Rubinstein Mem Open A"]
[Site "Polanica Zdroj POL"]
[Date "2008.08.24"]
[Round "6"]
[White "Kanarek,M"]
[Black "Wcislo,D"]
[Result "1-0"]
[WhiteElo "2349"]
[BlackElo "2216"]

1.e4 c5 2.Nf3 Nc6 3.Nc3 Nf6 4.Bb5 Qc7 5.O-O Nd4 6.Re1 e5 7.Bc4 d6 8.h3 h6
9.Nd5 Nxd5 10.Bxd5 Be6 11.c3 Nxf3+ 12.Qxf3 Bxd5 13.exd5 g6 14.Qf6 Rg8 15.d4 Bg7
16.dxe5 dxe5 17.Qh4 f5 18.Bxh6 Bxh6 19.Qxh6 O-O-O 20.c4 e4 21.Rab1 Qd6 22.a3 Kb8
23.b4 Rc8 24.Qh7 cxb4 25.Rxb4 b6 26.Ra4 Qc7 27.Qxc7+ Rxc7 28.g4 Rgc8 29.Kg2 Rxc4
30.Rxc4 Rxc4 31.gxf5 gxf5 32.Kg3 Rd4 33.h4 Rxd5 34.Kf4 Rd2 35.Rf1 Rd3 36.Rh1 Rf3+
37.Kg5 Rxf2 38.h5 Rg2+ 39.Kxf5 Rg8 40.Kxe4 Kb7 41.h6 Ka6 42.h7 Rh8 43.Kf5 Kb5
44.Rh4 Kc5 45.Kg6 b5 46.Kg7 Rxh7+ 47.Rxh7 a5 48.Kg6 b4 49.Rh5+  1-0

[Event "X Sants Open"]
[Site "Barcelona ESP"]
[Date "2008.08.25"]
[Round "4"]
[White "Radulski,J"]
[Black "Recuero Guerra,D"]
[Result "1-0"]
[WhiteElo "2516"]
[BlackElo "2417"]

1.e4 c5 2.Nc3 Nc6 3.Nf3 d6 4.d4 cxd4 5.Nxd4 Nf6 6.Nb3 g6 7.Be2 Bg7 8.Be3 O-O
9.O-O Be6 10.f4 Rc8 11.g4 Na5 12.f5 Bc4 13.Bxa7 Bxe2 14.Qxe2 Nc4 15.Bd4 Nxb2
16.g5 Nd7 17.Bxg7 Kxg7 18.Nd5 e6 19.Ne7 Rc3 20.Rab1 Qb6+ 21.Kh1 Nc4 22.f6+ Kh8
23.Rfd1 Nde5 24.Nd4 Qa5 25.Rb3 Ne3 26.Rdb1 Qc5 27.Qd2 Rc4 28.c3 N5g4 29.Rb5 Qa3
30.Rxb7 h6 31.Rb8 Rxb8 32.Rxb8+ Kh7 33.Nxe6 hxg5 34.Nxg5+ Kh6 35.Nxf7+ Kh5
36.Rh8+  1-0

[Event "TCh-MNE Premier"]
[Site "Herceg Novi MNE"]
[Date "2008.08.25"]
[Round "1"]
[White "Solak,D"]
[Black "Tadic,Br"]
[Result "1-0"]
[WhiteElo "2596"]
[BlackElo "2491"]

1.e4 c5 2.Nc3 Nc6 3.Nge2 g6 4.d4 cxd4 5.Nxd4 Bg7 6.Be3 Nf6 7.Bc4 O-O 8.Bb3 d6
9.f3 a5 10.Qd2 Bd7 11.a4 Nxd4 12.Bxd4 Bc6 13.h4 h5 14.O-O-O Qd7 15.Kb1 Rfc8
16.Qg5 Kf8 17.g4 Nh7 18.Qe3 hxg4 19.fxg4 Qxg4 20.Bxg7+ Kxg7 21.h5 Qg5 22.Qh3 Nf6
23.Rdg1 Qh6 24.Bxf7 g5 25.Be6 Rf8 26.Qe3 g4 27.Qd4 Kh7 28.Bxg4 Rg8 29.Bf5+ Kh8
30.Bg6 Qf4 31.Rf1 Qg5 32.Rhg1 Qe5 33.Qd2 Nh7 34.Rf5 Qe6 35.Qd4+ Nf6 36.Qe3 Rg7
37.Qh6+ Nh7 38.Qxg7+ Kxg7 39.Bf7+  1-0

[Event "44th Rubinstein Mem Open A"]
[Site "Polanica Zdroj POL"]
[Date "2008.08.25"]
[Round "7"]
[White "Toma,K"]
[Black "Majdan,J"]
[Result "0-1"]
[WhiteElo "2212"]
[BlackElo "2323"]

1.e4 c5 2.Nf3 Nc6 3.Nc3 d6 4.d4 cxd4 5.Nxd4 Nf6 6.Bg5 Qb6 7.Nb3 e6 8.Bxf6 gxf6
9.Qh5 a6 10.Bd3 Ne5 11.O-O Rg8 12.Kh1 Bd7 13.f4 Ng4 14.Nd1 Rg6 15.h3 f5 16.exf5 Nf6
17.Qe2 Rh6 18.fxe6 fxe6 19.c3 O-O-O 20.Qe3 Qc7 21.Nf2 e5 22.fxe5 dxe5 23.Be4 Rh4
24.Rad1 Bh6 25.Qe1 Rg8 26.Bf3 Bf4 27.Ne4 Nxe4 28.Qxh4 Ng3+ 29.Kg1 Be3+ 30.Kh2 Nxf1+
31.Rxf1 e4+ 32.g3 Rxg3  0-1

[Event "44th Rubinstein Mem Open A"]
[Site "Polanica Zdroj POL"]
[Date "2008.08.26"]
[Round "8"]
[White "Stoma,P"]
[Black "Fistek,D"]
[Result "1/2-1/2"]
[WhiteElo "2294"]
[BlackElo "2208"]

1.e4 c5 2.Nc3 Nc6 3.Bb5 d6 4.Bxc6+ bxc6 5.d3 e5 6.f4 exf4 7.Bxf4 Ne7 8.Qh5 Ng6
9.Bg3 Be7 10.Nge2 O-O 11.O-O Bf6 12.Qf3 Ne5 13.Qf2 Ng4 14.Qf3 Ne5 15.Qf2 Ng4
16.Qf3 Ne5  1/2-1/2

[Event "TCh-MNE Premier"]
[Site "Herceg Novi MNE"]
[Date "2008.08.27"]
[Round "3"]
[White "Perosevic,A"]
[Black "Popadic,Dr"]
[Result "0-1"]
[WhiteElo "2213"]
[BlackElo "2296"]

1.e4 c5 2.Nf3 Nc6 3.Nc3 e5 4.Bc4 Be7 5.Nd5 Nf6 6.Nxe7 Qxe7 7.d3 h6 8.O-O d6
9.h3 O-O 10.a4 Be6 11.Re1 d5 12.Bb5 dxe4 13.Bxc6 exf3 14.Bxf3 Qc7 15.Qe2 Nd7
16.a5 Rab8 17.b3 Rfe8 18.Bb2 Bf5 19.g4 Bg6 20.Ra4 Kh8 21.Qd2 f6 22.h4 b5
23.axb6 Nxb6 24.Raa1 c4 25.Qc3 Qd7 26.dxc4 e4 27.Bd1 Re6 28.c5 Nd5 29.Qd4 e3
30.Bf3 Re4 31.c6 Qe6 32.Qxa7 Re8 33.fxe3 Rxg4+ 34.Kf2 Qd6 35.Bxg4 Qh2+ 36.Kf1 Qh1+
37.Kf2 Qxh4+ 38.Ke2 Qh2+ 39.Kf1 Qh1+ 40.Kf2 Qh4+ 41.Ke2 Qxg4+ 42.Kd2 Qb4+
43.Ke2 Bh5+ 44.Kf1 Qe4 45.Qd4 Qf3+ 46.Kg1 Qg3+ 47.Kf1 Bf3 48.Re2 Bxe2+ 49.Kxe2 Rxe3+  0-1

[Event "8th Open"]
[Site "Velika Gorica CRO"]
[Date "2008.08.27"]
[Round "6"]
[White "Kristovic,M"]
[Black "Makaj,M"]
[Result "0-1"]
[WhiteElo "2358"]
[BlackElo "2317"]

1.e4 c5 2.Nf3 Nc6 3.Nc3 Nf6 4.d4 cxd4 5.Nxd4 e5 6.Nxc6 bxc6 7.Bc4 d6 8.O-O Be7
9.h3 O-O 10.Bg5 h6 11.Bh4 a5 12.a4 Rb8 13.Qd3 Nh5 14.Bxe7 Qxe7 15.Ne2 Be6
16.b3 Nf6 17.Bxe6 Qxe6 18.Rad1 d5 19.Ng3 Rb4 20.Qa6 Nxe4 21.Nxe4 Rxe4 22.Qxa5 f5
23.Rfe1 Rxe1+ 24.Rxe1 f4 25.c4 f3 26.cxd5 cxd5 27.g4 h5 28.Rd1 d4 29.Re1 Re8
30.Re4 Qxb3 31.gxh5 Qb1+ 32.Re1 Qf5 33.Kh2 Kh7 34.Qd5 Qxh5 35.Re4 Qg5 36.Rg4 Qf6
37.a5 Rd8 38.Qe4+ Kg8 39.a6 Rd7 40.Rg3 Qxa6 41.Qxe5 Qe2 42.Qb8+ Kh7 43.Qb1+ d3
44.Kg1 Re7 45.Qb6 d2  0-1

[Event "44th Rubinstein Mem Open A"]
[Site "Polanica Zdroj POL"]
[Date "2008.08.28"]
[Round "10"]
[White "Bartel,Mi"]
[Black "Mickiewicz,P"]
[Result "0-1"]
[WhiteElo "2266"]
[BlackElo "2347"]

1.e4 c5 2.Nf3 Nc6 3.Nc3 d6 4.d4 cxd4 5.Nxd4 Nf6 6.g3 e6 7.Bg2 Bd7 8.O-O Be7
9.h3 O-O 10.Nde2 a6 11.a4 Nb4 12.g4 Bc6 13.Nf4 b5 14.Qe2 bxa4 15.Rd1 Qc7
16.Nd3 Nxd3 17.Qxd3 Qb7 18.g5 Nd7 19.Be3 Qb4 20.Qd4 Qxd4 21.Rxd4 Nc5 22.Rb4 Rfb8
23.Rxb8+ Rxb8 24.Ra2 Rb4 25.f3 Kf8 26.Kf2 Ke8 27.Ke1 Kd7 28.Kd1 d5 29.exd5 exd5
30.Ne2 Ne6 31.c3 Rb3 32.Nc1 d4 33.Bf2 dxc3 34.Nxb3 axb3 35.Ra1 c2+ 36.Kd2 Bxg5+
37.Be3 Bxe3+ 38.Kxe3 a5 39.Kd2 a4 40.Bf1 Nd4 41.f4 Kd6 42.Kc3 Kc5 43.Bd3 g6
44.Re1 Nf3 45.Ra1 f5 46.Bc4 g5 47.fxg5 Nxg5 48.Rf1 Ne4+ 49.Kd3 f4 50.Ba6 f3
51.Ke3 a3  0-1

[Event "XIII Konik Morski Open A"]
[Site "Rewal POL"]
[Date "2008.08.28"]
[Round "8"]
[White "Puczylowski,M"]
[Black "Sochacki,Z"]
[Result "1/2-1/2"]
[WhiteElo "1958"]
[BlackElo "1956"]

1.e4 c5 2.Nc3 Nc6 3.Nf3 g6 4.d4 cxd4 5.Nxd4 Bg7 6.Nde2 a6 7.g3 b5 8.Bg2 Bb7
9.O-O e6 10.f4 Nge7 11.e5 Nd5 12.Ne4 O-O 13.Kh1 Nce7 14.Nf6+  1/2-1/2

[Event "2nd Open"]
[Site "Urumia IRI"]
[Date "2008.08.28"]
[Round "4"]
[White "Bolhari,O"]
[Black "Mahdavirad,M"]
[Result "0-1"]
[WhiteElo "2082"]
[BlackElo "2215"]

1.e4 c5 2.Ne2 Nc6 3.Nbc3 g6 4.g3 Bg7 5.Bg2 d6 6.O-O e6 7.d3 Nge7 8.Be3 Nd4
9.Qd2 O-O 10.Kh1 Rb8 11.a4 Nec6 12.Nd1 Nxe2 13.Qxe2 b6 14.Qd2 d5 15.Bh6 dxe4
16.Bxg7 Kxg7 17.Bxe4 Nd4 18.Qf4 Bb7 19.Ne3 g5 20.Qg4 f5 21.Qh5 fxe4 22.f4 exf3
23.Rf2 Qf6 24.Re1 Qg6 25.Qh3 h5 26.g4 Rh8 27.Nc4 hxg4 28.Qg3 Rbf8 29.Qd6 Nf5
30.Qd7+ Rf7 31.Qb5 g3 32.Ne5 gxf2 33.Rf1 Rxh2+  0-1